00361nam a22001337a 4500008004100000040001800041041000800059100001800067245003600085260004600121300001800167650002300185650001900208130821s1937 enk gr eng  aCo-BoUCMbspa00aeng aBentley, E.C.00aTrent's last casecE.C. Bentley aLondres (Inglaterra)bPenguin Booksc1937 a255 páginas04aLiteratura inglesa04aNovela inglesa